000 00392nam a2200157Ia 4500
008 210210b1956 xxu||||| |||| 00| 0 eng d
082 _a531.3823 SOKM
100 _aSOKOLNIKOFF (I S).
245 _aMathematical theory of elasticity.
250 _a
260 _aN D
_bT M H
_c1956
300 _axi,476
650 _aMathematical Theory Elasticity
690 _aMechanics
906 _a035199
999 _c85849
_d85849